Únik mozgov ako predmet skúmania ekonomickej vedy a problém hospodárskej politiky

Objem migračných tokov kvalifikovaných pracovných síl sa, najmä od 70. rokov 20. storočia, rapídne zvyšuje. Efektívne riadenie medzinárodného pohybu odborníkov sa stalo politickou prioritou vo väčšine ekonomicky vyspelých krajín sveta. Naproti tomu, ekonomický výskum tomuto fenoménu nevenuje zatiaľ...

Descripción completa

Guardado en:
Detalles Bibliográficos
Autor principal: Přívarová, Magdaléna, 1955-
Formato: Capítulo de libro
Lenguaje:eslovaco
Materias:
Etiquetas: Agregar Etiqueta
Sin Etiquetas, Sea el primero en etiquetar este registro!

MARC

LEADER 00000nla$a2200000$$$4500
001 0065648
005 20240502071758.6
041 0 |a slo 
044 |a SK 
245 1 0 |a Únik mozgov ako predmet skúmania ekonomickej vedy a problém hospodárskej politiky  |c Magdaléna Přívarová 
520 |a Objem migračných tokov kvalifikovaných pracovných síl sa, najmä od 70. rokov 20. storočia, rapídne zvyšuje. Efektívne riadenie medzinárodného pohybu odborníkov sa stalo politickou prioritou vo väčšine ekonomicky vyspelých krajín sveta. Naproti tomu, ekonomický výskum tomuto fenoménu nevenuje zatiaľ dostatočnú pozornosť. Existujúce práce, najmä empirického charakteru, vedú často krát k rozporným záverom. 
610 2 0 |a únik mozgov 
610 2 0 |a migrácia 
610 2 0 |a sily pracovné 
610 2 0 |a podmienky pracovné 
610 2 0 |a podmienky životné 
610 2 0 |a globalizácia 
100 1 |a Přívarová, Magdaléna, 1955-